Pays frontalier de l'Allemagne - Mort subite - Statistiques

Statistiques générales
  • Ce quiz a été pris 441 fois
  • Le résultat moyen est 7 sur 9
Answers on the Grid
Answers color-coded by a green-red scale on the quiz's grid according to % correct below.
Pays-Bas
Slovaquie
Pologne
Biélorussie
Suisse
Italie
Autriche
Liechtenstein
France
Hongrie
Luxembourg
Belgique
Tchéquie
Danemark
Slovénie
Russie
 
Statistiques - réponses
Réponse % Correct
France
87%
Autriche
77%
Suisse
77%
Belgique
74%
Pays-Bas
74%
Pologne
74%
Luxembourg
73%
Danemark
68%
Tchéquie
56%
Aucun quiz correspondant
Distribution des résultats
% des personnes avec chaque résultat
Percentile par nombre de réponses
Votre historique - résultats
Vous n’avez pas pris ce quiz